• 首页
  • 本馆介绍
  • 公告通知
  • 最新文献
  • 馆藏检索
  • 电子资源
  • 读者导购
  • 参考咨询
  • 我的图书馆
  • 登录
  • 详细信息显示
  • 放入我的书架
  • 预约/预借图书
  • 作者相关作品
  • 分类相关作品
  • 丛书相关作品
  • 出版社相关作品

书目信息

  • 表格格式
  • 工作单格式
  • 卡片格式
题名:
湿地研究
    
 
作者: 卢爱刚 主编
分册: 2016  
出版信息: 西安   西安交通大学出版社  2016.11
页数: 255页
开本: 26cm
丛书名:
单 册:
中图分类: P942.078
科图分类:
主题词: 沼泽化地--中国--文集
电子资源:
ISBN: 978-7-5605-9126-1
000 00800nam0 2200217 450
001 675
005 20180927144504.21
010    @a978-7-5605-9126-1@dCNY128.00
100    @a20170427d2016 em y0chiy50 ea
101 0  @achi
102    @aCN@b610000
105    @ay z 000yy
200 1  @a湿地研究@9shi di yan jiu@h2016@f卢爱刚主编
210    @a西安@c西安交通大学出版社@d2016.11
215    @a255页@d26cm
330    @a本书主要收录了河流湿地的形成与演变、湿地生物多样性、退化湿地修复、湿地规划与管理等方面的研究成果。内容包括《我国湿地保护面临的问题探讨》《农业湿地可持续发展初探》《渭南城市湿地资源的现状与保护对策》等。
606 0  @a沼泽化地@y中国@j文集
690    @aP942.078@v5
701  0 @a卢爱刚@9lu ai gang@f(1968-)@4主编
801  0 @aCN@b91MARC@c20170427
905    @aMuseLib@dP942.078@e168(2016)
    
    湿地研究.2016/卢爱刚主编.-西安:西安交通大学出版社,2016.11
    255页;26cm
    
    
    ISBN 978-7-5605-9126-1:CNY128.00
    本书主要收录了河流湿地的形成与演变、湿地生物多样性、退化湿地修复、湿地规划与管理等方面的研究成果。内容包括《我国湿地保护面临的问题探讨》《农业湿地可持续发展初探》《渭南城市湿地资源的现状与保护对策》等。
●
相关链接 在E读中查询图书 在五车中查询图书 在当当中查询图书 在豆瓣中查询图书


正题名:湿地研究     索取号:P942.078/168(2016)         预约/预借

序号 登录号 条形码 馆藏地/架位号 状态 备注
1 1120136   211201368   第二样本阅览室/ [索取号:P942.078/168(2016)] 在馆    
2 1120137   211201377   第三借阅区/ [索取号:P942.078/168(2016)] 在馆    
3 1120138   211201386   第三借阅区/ [索取号:P942.078/168(2016)] 在馆    
唐山师范学院图书馆 欢迎您!
大连网信软件有限公司© 版权所有